00537nam a2200193 a 4500001001300000003000900013005001700022008004100039020000900080082002100089100001900110245006300129260003200192300000800224500003500232650003500267650002200302700001900324nice12345678IN_TiNIC20260116013946.0070410s1998 dela grp 000 0 eng  ac4000a324.245408bGOE6 aGoel, Sita Ram aPseudo-secularism, Christian Missions and Hindu Resistance aDelhibVoice of Indiac1998 a83p aincludes index and biblioraphy aReligious Fundamentalism-Hindu aEvangelistic Work1 aGoel, Sita Ram